Molecular Biology / (Record no. 158574)

MARC details
000 -LEADER
fixed length control field 00552nam a22001937a 4500
005 - DATE AND TIME OF LATEST TRANSACTION
control field 20181112123226.0
010 ## - LCCN (DPL NO)
LC control number ENG-124440
020 ## - INTERNATIONAL STANDARD BOOK NUMBER
Terms of availability 235.00
International Standard Book Number 9789352550364
035 ## - SYSTEM CONTROL NUMBER
System control number EN-107972
037 ## - SOURCE OF ACQUISITION
Source of stock number/acquisition DBAD/PUB
082 ## - DEWEY DECIMAL CLASSIFICATION NUMBER
Classification number 572.8
100 ## - MAIN ENTRY--PERSONAL NAME
Personal name Roy, R. N.
245 ## - TITLE STATEMENT
Title Molecular Biology /
Statement of responsibility, etc by R. N. Roy
260 ## - PUBLICATION, DISTRIBUTION, ETC. (IMPRINT)
Name of publisher, distributor, etc NCBA
Date of publication, distribution, etc 2017
Place of publication, distribution, etc Kolkata
270 ## - ADDRESS
City Kolkata
Postal code 700009
Address 8/1 Chintamoni Das Lane,
300 ## - PHYSICAL DESCRIPTION
Extent xi,144p.
Dimensions 23cm.(pbk)
Other physical details col. ill.
500 ## - GENERAL NOTE
General note It includes bibliography and index
942 ## - ADDED ENTRY ELEMENTS (KOHA)
Source of classification or shelving scheme Dewey Decimal Classification
Item type English Books
Call number suffix ROY
Classification part 572.8
Holdings
Withdrawn status Lost status Not for loan Collection code Home library Current library Date acquired Source of acquisition Cost, normal purchase price Full call number Barcode Copy number Cost, replacement price Koha item type
    Not For Loan Non-fiction D.B.Act.Division Bawana 05/11/2018 DBAD/PUB 235.00 572.8 ROY EN-107972 1 235.00 English Books

© Delhi Public Library
Hit Counter
free hit counter